000 01783cam a22004934i 4500
003 PE-LiUPU
005 20250731173553.0
008 150616s r 000 0 d
020 _a9061863589
035 _a(Sirsi) i9789061863588
040 _aPE-LiUPU
_bspa
_cPE-LiUPU
_erda
049 _aPRUA
082 0 4 _a200.95694
_bM77
_221
100 1 _aMoor, Johannes C. de,
_d1935-
_qJohannes Cornelis,
_eautor.
245 1 4 _aThe Rise of Yahwism; The Roots of Israelite Monotheism /
_cpor Johannes C. de Moor.
264 1 _aLeuven, Bélgica :
_bLeuven University Press,
_c1990.
300 _a320 páginas ;
_c24 centímetros
336 _atext
_2rdacontent
337 _aunmediated
_2rdamedia
338 _avolume
_2rdacarrier
490 0 _aBibliotheca Ephemeridum Theologicarum Lovaniensium ;
_v91. Serie I
505 0 _aThe evidence of names.- The crisis of polytheism.- The kingship of God.- Yhwh-El, God of the Fathers.- Epilogue.
526 _aSEG42
526 _aSEG41
526 _aSEG40
526 _aSEG39
526 _aP94
526 _aP87
526 _aP86
526 _aP85
526 _aP77
526 _aP76
526 _aP35
650 0 4 _aDios (Judaísmo)
_xNombre.
650 0 4 _aJudaísmo
_xHistoria
_yHasta 70 A.D.
650 0 4 _aMonoteísmo
_xHistoria.
910 _ajck
_bjvq
_cjck
942 _2ddc
_cBOOK
949 _a200.95694 M77
_wDEWEY
_c1
_i43293
_lCCODEBUL1
_mBUL
_r0
_sY
_tBOOK
_u2015-6-16
_xTEOLOGIA
_zUNKNOWN
_0COMPRA
_o.STAFF. Colección General
994 _aC0
_bPEPRU
596 _a1
999 _a200.95694 M77
_wDEWEY
_c61260
_i43293
_f2021-11-9
_g5
_lCCODEBUL1
_mBUL
_r0
_sY
_tBOOK
_u2015-6-16
_xTEOLOGIA
_zUNKNOWN
_0COMPRA
_o.STAFF. Colección General
_d61260
980 _81
_gALBERTO SANCHEZ Responsable de Automatización